Assam at a glance (Record no. 434591)
[ view plain ]
| 000 -LEADER | |
|---|---|
| fixed length control field | 00812nam a2200265 a 4500 |
| 001 - CONTROL NUMBER | |
| control field | vtls001151352 |
| 003 - CONTROL NUMBER IDENTIFIER | |
| control field | NLI |
| 005 - DATE AND TIME OF LATEST TRANSACTION | |
| control field | 20210603134720.0 |
| 008 - FIXED-LENGTH DATA ELEMENTS--GENERAL INFORMATION | |
| fixed length control field | 120326s2001 ii s f000 0 eng |
| 039 #9 - LEVEL OF BIBLIOGRAPHIC CONTROL AND CODING DETAIL [OBSOLETE] | |
| Level of rules in bibliographic description | 201203302105 |
| Level of effort used to assign nonsubject heading access points | VLOAD |
| -- | 201203262124 |
| -- | Datasoft |
| 040 ## - CATALOGING SOURCE | |
| Original cataloging agency | NLI |
| Language of cataloging | eng |
| Transcribing agency | Datasoft_IOD_S |
| Description conventions | AACR2 |
| 041 0# - LANGUAGE CODE | |
| Language code of text/sound track or separate title | eng |
| 044 ## - COUNTRY OF PUBLISHING/PRODUCING ENTITY CODE | |
| MARC country code | ii |
| 082 04 - DEWEY DECIMAL CLASSIFICATION NUMBER | |
| Classification number | 315.411 |
| 110 1# - MAIN ENTRY--CORPORATE NAME | |
| Corporate name or jurisdiction name as entry element | Assam (India). |
| Subordinate unit | Directorate of Economics and Statistics |
| 9 (RLIN) | 7229 |
| 245 10 - TITLE STATEMENT | |
| Title | Assam at a glance |
| Inclusive dates | 2001 / |
| Statement of responsibility, etc. | Directorate of economics and statistics, the Govt. of Assam |
| 260 ## - PUBLICATION, DISTRIBUTION, ETC. | |
| Place of publication, distribution, etc. | Guwahati : |
| Name of publisher, distributor, etc. | The Department, |
| Date of publication, distribution, etc. | 2001 |
| 300 ## - PHYSICAL DESCRIPTION | |
| Extent | 17 p. ; |
| Dimensions | 13 cm. |
| 651 #0 - SUBJECT ADDED ENTRY--GEOGRAPHIC NAME | |
| Geographic name | Assam (India) |
| General subdivision | Statistics |
| 887 ## - NON-MARC INFORMATION FIELD | |
| Content of non-MARC field | |
| 901 ## - LOCAL DATA ELEMENT A, LDA (RLIN) | |
| a | 135184 date |
| b | 21.02.2002 |
| 9 | [2001 ] |
| 902 ## - LOCAL DATA ELEMENT B, LDB (RLIN) | |
| a | GP 315.411 As 72 |
| 942 ## - ADDED ENTRY ELEMENTS (KOHA) | |
| Source of classification or shelving scheme | Dewey Decimal Classification |
| Koha item type | Books |
| Withdrawn status | Lost status | Damaged status | Not for loan | Collection code | Home library | Current library | Shelving location | Date acquired | Total Checkouts | Full call number | Date last seen | Price effective from | Koha item type |
|---|---|---|---|---|---|---|---|---|---|---|---|---|---|
| Government Publications | National Library of India | National Library of India | Annexe Reading Room & Stack Division | GP 315.411 As 72 | 03/06/2021 | 03/06/2021 | Books |
